Tiyāviṉ ṭūṭū = (Record no. 199780)

MARC details
000 -LEADER
fixed length control field 02351nam a2200373 i 4500
005 - DATE AND TIME OF LATEST TRANSACTION
control field 20250616120401.0
008 - FIXED-LENGTH DATA ELEMENTS--GENERAL INFORMATION
fixed length control field 250616s2022 ii a br 000 1 tam d
020 ## - INTERNATIONAL STANDARD BOOK NUMBER
International Standard Book Number 9789395776509
Terms of availability RM7.00
Qualifying information paperback
040 ## - CATALOGING SOURCE
Original cataloging agency PPAK
Language of cataloging eng
Transcribing agency PPAK
Description conventions rda
041 1# - LANGUAGE CODE
Language code of text/sound track or separate title tam
-- eng
082 04 - DEWEY DECIMAL CLASSIFICATION NUMBER
Edition number 23
Classification number 894.8113
090 00 - LOCALLY ASSIGNED LC-TYPE CALL NUMBER (OCLC); LOCAL CALL NUMBER (RLIN)
Classification number (OCLC) (R) ; Classification number, CALL (RLIN) (NR) 894.8113
Feature heading ELA
Feature heading K
100 1# - MAIN ENTRY--PERSONAL NAME
Personal name Elango, Ko. Ma. Ko.,
Relator term author.
245 10 - TITLE STATEMENT
Linkage 880-01
Title Tiyāviṉ ṭūṭū =
Remainder of title DIYA'S DODO /
Statement of responsibility, etc. Ko.Ma.Ko.Elango ; Illustrator: T. N. Rajan
250 ## - EDITION STATEMENT
Edition statement Mutal patippu
264 #1 - PRODUCTION, PUBLICATION, DISTRIBUTION, MANUFACTURE, AND COPYRIGHT NOTICE
Place of production, publication, distribution, manufacture Ceṉṉai :
Name of producer, publisher, distributor, manufacturer Puks K̲apār Cilraṉ,
Date of production, publication, distribution, manufacture, or copyright notice 2022
300 ## - PHYSICAL DESCRIPTION
Extent 24 pages :
Other physical details illustrations (black and white) ;
Dimensions 22 cm
336 ## - CONTENT TYPE
Content type term text
Source rdacontent
337 ## - MEDIA TYPE
Media type term unmediated
Source rdamedia
338 ## - CARRIER TYPE
Carrier type term volume
Source rdacarrier
490 1# - SERIES STATEMENT
Series statement Ciṟār iru moḻik kataikaḷ
500 ## - GENERAL NOTE
General note Children's stories
520 ## - SUMMARY, ETC.
Summary, etc. "டூடூ... ஆமாம்! 'டூடூ' என்றொரு அழகிய பறவை. பூமியில் அழிந்துவிட்ட பறவை, ஒருநாள் உயிர்பெற்று வருகிறது. தியாவைச் சந்திக்கிறது. அதற்கு உதவியவர் தியாவின் அம்மா என்றால் ஆச்சரியமாக இருக்கிறதா? இதெல்லாம் எப்படி நிகழ்ந்தது? உலகில் அழிந்துபோன பறவைகளை உயிர்ப்பிக்க முடியுமா? அந்த ரகசியத்தை அறிந்தவள் தியா ஒருத்தி தான். தியாவிடம் கேட்டால் தெரிந்துவிடும் உண்மை!"-- Back cover
546 ## - LANGUAGE NOTE
Language note In Tamil and English
650 10 - SUBJECT ADDED ENTRY--TOPICAL TERM
Topical term or geographic name entry element Children's stories, Tamil
Topical term or geographic name entry element Children's stories, Indic (English)
Topical term or geographic name entry element Birds
Form subdivision Juvenile fiction
Topical term or geographic name entry element Butterflies
Form subdivision Juvenile fiction
Topical term or geographic name entry element Girls
Form subdivision Juvenile fiction
700 1# - ADDED ENTRY--PERSONAL NAME
Personal name Rajan, T.N.,
Relator term illustrator.
830 #0 - SERIES ADDED ENTRY--UNIFORM TITLE
Uniform title Ciṟār iru moḻik kataikaḷ
880 ## - ALTERNATE GRAPHIC REPRESENTATION
Linkage 245-01/$1
a தியாவின் டூடூ / கொ. மா. கோ. இளங்கோ ; ஓவியம், டி. என். ராஜன்
942 ## - ADDED ENTRY ELEMENTS (KOHA)
Source of classification or shelving scheme Dewey Decimal Classification
Koha item type Book
Holdings
Withdrawn Not for loan Current library Shelving location Date acquired Total Checkouts Full call number Barcode Date last seen Koha item type
    Perpustakaan Alor Setar Pinjaman Kanak-kanak 14/07/2025   K 894.8113 ELA A01870978 14/07/2025 Book
    Perpustakaan Awam Sungai Petani Pinjaman Kanak-kanak 14/07/2025   K 894.8113 ELA A01870979 14/07/2025 Book